| 000 | 00703nam a22001337a 4500 | ||
|---|---|---|---|
| 040 | _cRUA | ||
| 082 | _aVEM THO 2021 B1-530 Or. | ||
| 100 | _aTHORN BUNTHAI,ថន ប៊ុនថៃ | ||
| 245 | _aANTIMICROBIAL RESISTANCE OF SALMONELLA SPP. ON THREE BLOOD CHICKEN AT ANG SNOUL DISTRICT,KANDAL PROVINCE,ករណី SALMONELLA SPP. ស៊ាំនឹងឱសថអង់ទីប៊ីយ៉ូទិកលើមាន់សាច់នៅស្រុកអង្គស្នួល ខេត្តកណ្តាល | ||
| 260 |
_aphnom penh _brua _c2021 |
||
| 300 |
_aix.33p. _bill. _c29cm. |
||
| 856 | _uhttps://drive.google.com/file/d/1y_kKTcYpZve6PhrUNrcbTbuYSEt40iff/view?usp=sharing | ||
| 942 | _cVEM | ||
| 999 |
_c22907 _d22907 |
||